000 01259nam a2200265Ia 4500
005 20250622124034.0
008 250617s9999||||xx |||||||||||||| ||ara||
017 _a2024/11698
_bمصر. دار الكتب
020 _a9789778974904
082 0 4 _a"726,2"
_bب ت
100 0 _aبسمة حسام أبو المعاطى منصور
245 1 0 _aتوسعات المساجد الجامعة الألفية بالمدن الإسلامية :
_bشبه الجزيرة العربية والعراق والشام ومصر وبلاد المغرب والأندلس /
_c"بسمة حسام أبو المعاطى منصور ؛ تقديم محمد عبد الستار عثمان ، محمد هاشم أبو طربوش"
250 _aط1
260 3 _aالإسكندرية :
_b"دار الوفاء لدنيا الطباعة والنشر،"
_c2025.
300 _a552ص :
_bإيض ؛
_c24سم.
650 _aالآثار الإسلامية
650 _aالعمارة الإسلامية
650 _aالفن الإسلامى
650 _aالمآذن
650 _aالمساجد
700 0 _aمحمد عبد الستار عثمان
_e مقدم
700 0 _aمحمد هاشم أبو طربوش
_e مقدم
942 _cBK
999 _c67611
_d67611